Normal view MARC view

Entry Topical Term

Number of records used in: 1

001 - CONTROL NUMBER

  • control field: 7871

003 - CONTROL NUMBER IDENTIFIER

  • control field: OSt

005 - DATE AND TIME OF LATEST TRANSACTION

  • control field: 20211105132942.0

008 - FIXED-LENGTH DATA ELEMENTS

  • fixed length control field: 211105|| aca||aabn | a|a d

040 ## - CATALOGING SOURCE

  • Original cataloging agency: OSt
  • Transcribing agency: OSt

150 ## - HEADING--TOPICAL TERM

  • Topical term or geographic name entry element:  Temperature calibration 

670 ## - SOURCE DATA FOUND

  • Source citation: Work cat.: (OSt): International Astronomical Union Symposium 54th Geneva, Switzerland 1972 Sep. 12-15 7869, Problems of calibration of absolute magnitudes and temperature of stars, 1973

Powered by Koha